Winners of the Top 3 Bodybuilding Competitions - Statistics

General Stats
  • This quiz has been taken 27 times
  • The average score is 17 of 87
Answer Stats
Answer % Correct
Arnold Schwarzenegger
95%
Ronnie Coleman
95%
Dorian Yates
85%
Jay Cutler
85%
Lee Haney
85%
Dexter Jackson
70%
Frank Zane
70%
Phil Heath
70%
Franco Columbu
60%
Kevin Levrone
60%
Derek Lunsford
55%
Flex Wheeler
45%
Hadi Choopan
45%
Mamdouh Elssbiay
45%
Sergio Oliva
45%
Kai Greene
40%
Larry Scott
40%
Chris Dickerson
35%
Mike Mentzer
35%
Samson Dauda
35%
Brandon Curry
30%
Nasser El Sonbaty
30%
Samir Bannout
30%
Shawn Rhoden
30%
Shawn Ray
25%
Rich Gaspari
20%
Steve Reeves
20%
Víctor Martínez
15%
Bruce Randall
10%
Dennis Wolf
10%
Mike Ashley
10%
Mike Francois
10%
Reg Park
10%
Robby Robinson
10%
Sergei Ogorodnikov
10%
Serge Nubret
10%
Vince Taylor
10%
Alessandro Savi
5%
Alexey Netesanov
5%
Arnold Dyson
5%
Arthur Robin
5%
Bertil Fox
5%
Bill Pearl
5%
Boyer Coe
5%
Branch Warren
5%
Brian Buchanan
5%
Cedric McMillan
5%
Charles Clairmonte
5%
Charles Mario
5%
Chuck Sipes
5%
Daniel Burke
5%
Dave Titterton
5%
Earl Maynard
5%
Eddy Ellwood
5%
Edward Kawak
5%
Gary Lister
5%
Hassan Al Saka
5%
Jack Delinger
5%
Jim Park
5%
Joe Abbenda
5%
John Grimek
5%
John Terilli
5%
Josh Maley
5%
Juan Ferrero
5%
Lance Dreher
5%
Lee Seung Chul
5%
Len Sell
5%
Leo Robert
5%
Lepomir Bakić
5%
Monotosh Roy
5%
Nicholas Walker
5%
Olev Annus
5%
Orazio Salvatori
5%
Paulo Lima Santos
5%
Paul Wynter
5%
Peter Reid
5%
Petr Kovář
5%
Sangram Chougule
5%
Shaun Davis
5%
Shaun Joseph-Tavernier
5%
Steve Michalik
5%
Steve Sinton
5%
Tony Emmot
5%
Tony Mount
5%
Tony Pearson
5%
Victor Terra
5%
William Bonac
5%
No matching quizzes found
Score Distribution
Percent of People with Each Score
Percentile by Number Answered
Your Score History
You have not taken this quiz